[Event "Olympiad Women-44"]
[Site "Chennai"]
[Date "2022.07.29"]
[Round "1.1"]
[White "Thornton, Filipina"]
[Black "Tsolakidou, Stavroula"]
[Result "0-1"]
[WhiteElo "1661"]
[BlackElo "2362"]
[PlyCount "36"]
[EventDate "2022.07.29"]
[EventType "team-swiss"]
[EventRounds "11"]
[EventCountry "IND"]
[SourceTitle "CBM 210"]
[Source "ChessBase"]
[SourceDate "2022.10.31"]
[SourceVersion "1"]
[SourceVersionDate "2022.10.31"]
[SourceQuality "1"]
[WhiteTeam "Malta (W)"]
[BlackTeam "Greece (W)"]
[WhiteTeamCountry "MLT"]
[BlackTeamCountry "GRE"]

1. d4 Nf6 2. c4 e6 3. Nc3 Bb4 4. Qc2 d6 5. a3 Bxc3+ 6. Qxc3 Nbd7 7. Nf3 b6 8. g3 Bb7 9. Bg2 0-0 10. 0-0 Rc8 11. b4 c5 12. bxc5 bxc5 13. Bf4 cxd4 14. Qb4 Nc5 15. Rfd1 e5 16. Bc1 Qc7 17. Nd2 Bxg2 18. Kxg2 Rb8 0-1

[Event "Olympiad Women-43"]
[Site "Batumi"]
[Date "2018.09.26"]
[Round "3.50"]
[White "Thornton, Filipina"]
[Black "Carrillo Marval, Maria Angelica"]
[Result "1/2-1/2"]
[WhiteElo "1712"]
[BlackElo "1712"]
[PlyCount "141"]
[EventDate "2018.09.24"]
[EventType "team-swiss"]
[EventRounds "11"]
[EventCountry "GEO"]
[SourceTitle "EXT 2020"]
[Source "ChessBase"]
[SourceDate "2019.10.17"]
[SourceVersion "1"]
[SourceVersionDate "2019.10.17"]
[SourceQuality "1"]
[WhiteTeam "Malta (W)"]
[BlackTeam "Panama (W)"]
[WhiteTeamCountry "MLT"]
[BlackTeamCountry "PAN"]

1. d4 d5 2. c4 e6 3. Nc3 Nf6 4. cxd5 exd5 5. Bg5 Be7 6. e3 Bf5 7. Qb3 b6 8. Bxf6 Bxf6 9. Qxd5 Qxd5 10. Nxd5 Bd8 11. Rc1 c6 12. Nb4 Bd7 13. Nf3 a5 14. Nd3 f6 15. Be2 Na6 16. 0-0 0-0 17. Nf4 Bc7 18. Bc4+ Kh8 19. Ne6 Bxe6 20. Bxe6 c5 21. d5 Bd6 22. Rfd1 f5 23. Nd2 b5 24. e4 g6 25. Nb3 fxe4 26. Nxa5 Ra7 27. a3 Re7 28. Nc6 Ree8 29. Rc3 b4 30. axb4 cxb4 31. Rc4 Nc5 32. Bg4 Nd3 33. Rc2 Ne5 34. Be2 Rf6 35. Nxe5 Bxe5 36. b3 Bd6 37. Rc6 Rd8 38. Ra1 Be5 39. Rd1 Rfd6 40. Rxd6 Rxd6 41. g3 Rf6 42. Bf1 Bd6 43. Bg2 Bc5 44. Bxe4 Rxf2 45. Kh1 Rf6 46. Kg2 Kg7 47. Bf3 Bd6 48. Kf2 Bc5+ 49. Ke2 Kf7 50. Rc1 Bd6 51. Bg4 Ke7 52. Be6 h6 53. Rc8 Rf8 54. Rc4 Kf6 55. Kd3 Ke7 56. Rc2 Rf3+ 57. Kc4 Rf8 58. Ra2 Rf3 59. Rc2 Rf8 60. Kb5 Rf3 61. Kc4 Rf8 62. Re2 Kd8 63. Bh3 Rf6 64. Re6 Rxe6 65. dxe6 Ke7 66. Kd5 Bb8 67. Bg2 Bd6 68. Be4 g5 69. Bf3 Bb8 70. Be4 Bd6 71. Bf3 1/2-1/2

[Event "Olympiad Women-42"]
[Site "Baku"]
[Date "2016.09.10"]
[Round "8.2"]
[White "Al Khulaifi, Fatima Ahmed"]
[Black "Thornton, Filipina"]
[Result "0-1"]
[WhiteElo "1584"]
[BlackElo "1737"]
[PlyCount "100"]
[EventDate "2016.09.02"]
[EventType "team-swiss"]
[EventRounds "11"]
[EventCountry "AZE"]
[SourceTitle "CBM 174 Extra"]
[Source "ChessBase"]
[SourceDate "2016.10.10"]
[SourceVersion "1"]
[SourceVersionDate "2016.10.10"]
[SourceQuality "1"]
[WhiteTeam "Qatar (W)"]
[BlackTeam "Malta (W)"]
[WhiteTeamCountry "QAT"]
[BlackTeamCountry "MLT"]

1. c4 e5 2. Nc3 Nc6 3. g3 Nf6 4. Bg2 Bc5 5. e3 0-0 6. Nge2 d6 7. 0-0 Bf5 8. h3 Bd3 9. b3 Qd7 10. Na4 Nb4 11. Nxc5 dxc5 12. Bb2 Bc2 13. Qc1 Bd3 14. Qd1 Rfe8 15. a3 Nc6 16. Re1 Rad8 17. Bc3 Qf5 18. g4 Qg6 19. f4 Ne4 20. Bxe4 Bxe4 21. f5 Qh6 22. Ng3 Bd3 23. Kh2 e4 24. Rc1 a6 25. a4 Qh4 26. Rh1 Rd6 27. Qe1 Rh6 28. Nh5 Qg5 29. Qg3 Qd8 30. Bxg7 Rd6 31. Bc3 Be2 32. Qf4 Bf3 33. Rhg1 Qh4 34. Qg3 Qxg3+ 35. Rxg3 Ne5 36. Bxe5 Rxe5 37. Nf4 Rxd2+ 38. Kg1 c6 39. Nh5 Re7 40. Nf6+ Kg7 41. g5 Re5 42. h4 Rxf5 43. Rb1 Rd3 44. Rh3 Rxe3 45. Rf1 Re2 46. Rh2 Rxh2 47. Kxh2 Kg6 48. Re1 Re5 49. Re3 h6 50. gxh6 Kxf6 0-1

[Event "Olympiad Women-42"]
[Site "Baku"]
[Date "2016.09.06"]
[Round "5.2"]
[White "Thornton, Filipina"]
[Black "Murray, Donna"]
[Result "1-0"]
[WhiteElo "1737"]
[BlackElo "1419"]
[PlyCount "65"]
[EventDate "2016.09.02"]
[EventType "team-swiss"]
[EventRounds "11"]
[EventCountry "AZE"]
[SourceTitle "CBM 174 Extra"]
[Source "ChessBase"]
[SourceDate "2016.10.10"]
[SourceVersion "1"]
[SourceVersionDate "2016.10.10"]
[SourceQuality "1"]
[WhiteTeam "Malta (W)"]
[BlackTeam "Barbados (W)"]
[WhiteTeamCountry "MLT"]
[BlackTeamCountry "BAR"]

1. d4 e6 2. c4 Bb4+ 3. Nc3 d5 4. a3 Bxc3+ 5. bxc3 dxc4 6. Qa4+ Nd7 7. e4 c6 8. Qxc4 Qe7 9. Nf3 c5 10. Be2 b6 11. 0-0 Bb7 12. d5 exd5 13. exd5 Ne5 14. Qb5+ Nd7 15. Bc4 a6 16. Qb1 Qd6 17. Re1+ Ne7 18. Bg5 Nf6 19. Bxf6 Qxf6 20. Qe4 b5 21. Bf1 c4 22. Nd4 Rd8 23. Nf5 Rd7 24. Qg4 0-0 25. Nh6+ Qxh6 26. Qxd7 Bxd5 27. Rxe7 Be6 28. Qa7 Bd5 29. Rae1 Qc6 30. Qd7 Qa8 31. Re8 Qc6 32. Rxf8+ Kxf8 33. Re8# 1-0